Eficiencia energética en el sector terciario: fichas técnicas Serie D

שמור ב:
מידע ביבליוגרפי
מחבר תאגידי: CADEM (Author)
פורמט: ספר
שפה:ספרדית
יצא לאור: s.l CADEM 1990
נושאים:
תגים: הוספת תג
אין תגיות, היה/י הראשונ/ה לתייג את הרשומה!

MARC

LEADER 00000nam a2200000 a 4500
001 UCN7754
003 CL-VaPUC
008 011026e19900000sp |||||||||||||||||spa|d
082 0 4 |a 697  |b CAD  |2 21 
110 2 |a CADEM  |e author  |9 463809 
245 1 0 |a Eficiencia energética en el sector terciario: fichas técnicas Serie D 
300 |a pág. irreg 
942 |c BK 
945 |d 20011026 00:00:00  |a cmena 
260 |a s.l  |b CADEM  |c 1990 
650 7 |a EDIFICIOS - CALEFACCION  |2 CL-VaPUC  |9 463810 
650 7 |a EDIFICIOS - REFRIGERACION  |2 CL-VaPUC  |9 463811 
650 0 |a Aire acondicionado  |9 259344 
650 7 |a MANTENCION DE EQUIPOS  |2 CL-VaPUC  |9 463813 
650 0 |a Sistemas de ventilación  |9 463814 
650 7 |a SISTEMAS DE ILUMINACION  |2 CL-VaPUC  |9 463815 
650 0 |a Prevención de riesgos   |9 387495 
583 |a last modification  |c 20171005 01:09:46  |k Rodrigo Vera 
999 |c 297963  |d 297961